000 00302nam a22001337a 4500
003 SGT
082 _a617.7
_bC12G
100 _aGARG, SUNIR
245 _aCOLOR ATLAS & SYNOPSIS OF CLINICAL OPHTHALMOLOGY
260 _aINDIA
_bLWW
_c2012
300 _a318
650 _aOPHTHALMOLOGY
942 _2ddc
_cBK
999 _c14637
_d14637